000 00244nam a2200097Ia 4500
001 725416
005 20250826163409.0
008 250824s9999 xx 000 0 und d
245 0 _aBOĞA ADAM TORGOR
_cADAM BLADE
260 _bBEYAZ BALİNA YAYINLARI
999 _c725416
_d725416